000 02329nam0a2200349 i 4500
001 RU\NLR\BIBL_A\010652829
005 20260517063442.0
010 _a9785794422535
_9100
021 _aRU
_b14-89596
035 _a(NILC)LIBNET\0000491515
035 _a(NLR Aleph) 010652829
090 _a10711756
_c10711756
100 _a20150123d2013 um y0rusy50 ca
101 0 _arus
102 _aRU
105 _aa|||j|||000yy
200 1 _aРадиоэлектроника
_eметоды решения задач
_eучебно-методическое пособие для студентов, обучающихся по направлениям подготовки бакалавров "Радиофизика", "Нанотехнологии и микросистемная техника" и специальности "Информационная безопасность автоматизированных систем"
_fА.С. Иванов
_gМ-во образования и науки Рос. Федерации, Федер. гос. бюджет. образоват. учреждение высш. проф. образования "Перм. гос. нац. исслед. ун-т"
210 _aПермь
_cПермский государственный национальный исследовательский университет
_d2013
215 _a152 с.
_cил.
_d20
320 _aБиблиогр.: с. 151-152 (14 назв.)
606 1 _aРадиоэлектроника
_jУчебно-методические пособия для высших учебных заведений
_xЗадачи
_xРешение
_92528039
_3RU\NLR\AUTH\661497600
686 _a32я7
_vLBC/RL
_2rubbk
686 _a31.211я73
_vLBC/RL
_2rubbk
686 1 _aЗ8я73-41
700 1 _7ca
_8rus
_aИванов
_bА. С.
_cканд. техн. наук, техн. физика
_gАлексей Сергеевич
_9104331
_3RU\NLR\AUTH\77121406
712 0 2 _4570
_aПермский государственный национальный исследовательский университет
_9285379
_3RU\NLR\AUTH\8810198282
801 0 _aRU
_bПермская ГОУБ
_c20141030
_grcr
801 1 _aRU
_bПермская ГОУБ
_c20141030
_grcr
_2rusmarc
942 _cBOOK
980 _aNBR